LEADER 01054nam0 2200277 450 001 000005714 005 20050210134138.0 010 $a88-7075-574-6 100 $a20050210d2001----km-y0itay50------ba 101 0 $aita 102 $aIT 200 1 $aGuida agli esami per bibliotecari e assistenti di biblioteca$eelementi di paleografia, storia del libro, biblioteconomia e bibliografia generale$etest e quesiti a risposta breve$fPaola Ferro, Anna Rita Zanobi 210 $aMilano$cEditrice Bibliografica$d2001 215 $a215 p.$d20 cm 225 2 $aConcorsi per bibliotecari$v4 410 0$12001$aConcorsi per bibliotecari$v4 610 1 $aBiblioteconomia$aManuali per concorsi 610 1 $aBibliografia$aManuali per concorsi 676 $a020.7 700 1$aFerro,$bPaola$08970 701 1$aZanobi,$bAnnarita$04885 801 0$aIT$b20050210$cUNIPARTHENOPE$gRICA$2UNIMARC 912 $a000005714 951 $cNAVA1$a020-G/1$b37397$d20050210 996 $aGuida agli esami per bibliotecari e assistenti di biblioteca$9357627 997 $aUNIPARTHENOPE LEADER 00583nac# 22001811i 450 001 UON00517397 005 20231205105528.91 100 $a20230920f1994 |0itac50 ba 102 $aDE 105 $a|||| ||||| 110 $ab|||||||||| 200 1 $aTaschenbuch 210 $aFrankfurt am Main$cFischer 463 1$1001UON00517396$12001 $aZauberkreide$eKinderliteratur seit 1945$fGundel Mattenklott$1210 $aFrankfurt am Main$cFischer$d1994$1215 $a363 p.$cill.$d19 cm$v12053 801 $aIT$bSOL$c20240220$gRICA 912 $aUON00517397 996 $aTaschenbuch$91699074 997 $aUNIOR